| 000 | 02395cam a22004814i 4500 | ||
|---|---|---|---|
| 003 | PE-LiUPU | ||
| 005 | 20250731173430.0 | ||
| 008 | 150616s1905 xxk r 000 0 spa d | ||
| 035 | _a(Sirsi) a5217 | ||
| 040 |
_aPE-LiUPU _bspa _cPE-LiUPU _erda |
||
| 049 | _aPRUA | ||
| 082 | 0 | 4 |
_a287.081 _bN29 _221 |
| 100 | 1 |
_aNeely, Thomas B. _q(Thomas Benjamin) _d1841-1925 , _eautor. |
|
| 245 | 1 | 0 |
_aJuan Wesley : _bel reformador religioso / _cTomás Benjamín Neely. |
| 264 | 1 |
_aNew York : _bEaton y Mains, _c1905. |
|
| 300 |
_a191 páginas : _bilustraciones ; _c21 centímetros |
||
| 336 |
_atext _2rdacontent |
||
| 337 |
_aunmediated _2rdamedia |
||
| 338 |
_avolume _2rdacarrier |
||
| 505 | 0 | _aLa condición de la Gran Bretaña -- La necesidad de un reformador -- La universidad de Oxford -- Los Wesleys -- El reverendo Samuel Wesley -- Señora Susana de Wesley y su familia -- Juan Benjamín Wesley -- El "Club Santo" -- Juan Wesley en América -- El regreso de Wesley a Inglaterra -- La influencia de Pedro Böhler -- Nuevas experiencias religiosas -- Wesley visita a Los Moravos en el continente -- El regreso de Wesley a Londres -- Los púlpitos cerrados; se abre el mundo -- Construcción y organización -- De la tumba de su padre a la sepultura de su madre -- Reglas primitivas para los miembros de las sociedades de Wesley -- La conderencia de predicadores -- Desarrollos de la economía -- Las sociedades de Wesley se desarrollan en una iglesia completa e independiente -- Y otros. | |
| 526 | _aSEG42 | ||
| 526 | _aSEG41 | ||
| 526 | _aSEG40 | ||
| 526 | _aSEG39 | ||
| 526 | _aP94 | ||
| 526 | _aP87 | ||
| 526 | _aP86 | ||
| 526 | _aP85 | ||
| 526 | _aP77 | ||
| 526 | _aP76 | ||
| 526 | _aP35 | ||
| 600 |
_aWesley, John, _d1703-1791 |
||
| 650 | 0 | 4 |
_aIglesia Metodista _xClero. |
| 650 | 0 | 4 |
_aClero _yInglaterra _vBiografía. |
| 910 |
_ajck _bjvq _cjck |
||
| 910 |
_adbm _bncf _cncf _d20190610 |
||
| 942 |
_2ddc _cBOOK |
||
| 949 |
_a287.081 N29 _wDEWEY _c1 _i00964 _lCCODEBUL1 _mBUL _p22.00 _r0 _sY _tBOOK _u2015-04-23 _xEDUCACION _PP20 _0COMPRA _o.STAFF. Colección Teología |
||
| 994 |
_aC0 _bPEPRU |
||
| 596 | _a1 | ||
| 999 |
_a287.081 N29 _wDEWEY _c54772 _i00964 _d54772 _e2019-9-3 _f2021-11-12 _g5 _lCCODEBUL1 _mBUL _n2 _p22.00 _q3 _r0 _sY _tBOOK _u2015-4-23 _xTEOLOGIA _zP35 _0COMPRA _o.STAFF. Colección Teología |
||
| 980 |
_81 _gALBERTO SANCHEZ Responsable de Automatización |
||